Linear filters and non-linear systems.

Dôkaz tvrdenia, že nerekurzívne filtre konečného rádu nespôsobujú chybné výsledky pri počítaní dimenzie atraktora pri filtrovaní časových radov. Generické nerekurzívne filtre v skutočnosti nechávajú nedotknuté všetky kvantitatívne údaje, ktoré možno odhadnúť pomocou vnorených techník.

Saved in:
Bibliographic Details
Main Author: Broomhead, D.S
Other Authors: Huke, J.P, Muldoon, M.R
Format: Book Chapter
Language:English
Subjects:
Tags: Add Tag
No Tags, Be the first to tag this record!

MARC

LEADER 00000naa a2200000 4500
001 r009963
005 20221213085102.0
041 0 |a eng 
044 |a GB 
245 1 0 |a Linear filters and non-linear systems.  |c D.S. Broomhead, J.P. Huke, M.R. Muldoon 
520 |a Dôkaz tvrdenia, že nerekurzívne filtre konečného rádu nespôsobujú chybné výsledky pri počítaní dimenzie atraktora pri filtrovaní časových radov. Generické nerekurzívne filtre v skutočnosti nechávajú nedotknuté všetky kvantitatívne údaje, ktoré možno odhadnúť pomocou vnorených techník. 
610 2 0 |a rady časové 
610 2 0 |a metódy matematicko-štatistické 
100 1 |a Broomhead, D.S. 
700 1 |a Huke, J.P. 
700 1 |a Muldoon, M.R.